Analogue and digital electronics (Record no. 175741)
[ view plain ]
| 000 -LEADER | |
|---|---|
| fixed length control field | 00919 a2200181 4500 |
| 003 - CONTROL NUMBER IDENTIFIER | |
| control field | Nust |
| 005 - DATE AND TIME OF LATEST TRANSACTION | |
| control field | 20220811174442.0 |
| 020 ## - INTERNATIONAL STANDARD BOOK NUMBER | |
| International Standard Book Number | 0333658205 |
| 040 ## - CATALOGING SOURCE | |
| Transcribing agency | Nust |
| 082 ## - DEWEY DECIMAL CLASSIFICATION NUMBER | |
| Classification number | 621.381,WAR |
| 100 ## - MAIN ENTRY--PERSONAL NAME | |
| Personal name | Warnes, Lionel |
| 9 (RLIN) | 96943 |
| 245 ## - TITLE STATEMENT | |
| Title | Analogue and digital electronics |
| Statement of responsibility, etc. | Lionel Warnes |
| 260 ## - PUBLICATION, DISTRIBUTION, ETC. | |
| Place of publication, distribution, etc. | London |
| Name of publisher, distributor, etc. | Macmillan |
| Date of publication, distribution, etc. | 1998 |
| 300 ## - PHYSICAL DESCRIPTION | |
| Extent | x, 572p |
| 505 ## - FORMATTED CONTENTS NOTE | |
| Formatted contents note | Electrical circuits (Page-1), Diodes (Page- 49), Bipolar junction transistors (Page-88), Field-effect transistors Page-155), Feedback and op amps (Page-199), Filters (Page-227), Waveform generators (Page-267), Power amplifiers and power supplies (Page-290), Combinational logic (Page-328),Sequential logic (Page-378), Data conversion (Page-414), Computers, microprocessors and microcontrollers (Page-437), Measurements, electrical transducers and EMC (Page-509), Appendices (Page-551). |
| 650 ## - SUBJECT ADDED ENTRY--TOPICAL TERM | |
| Topical term or geographic name entry element | Telecommunication Engineering. |
| 942 ## - ADDED ENTRY ELEMENTS (KOHA) | |
| Koha item type | Reference |
| Source of classification or shelving scheme | |
| Withdrawn status | Lost status | Source of classification or shelving scheme | Damaged status | Not for loan | Permanent Location | Current Location | Shelving location | Date acquired | Full call number | Barcode | Date last seen | Price effective from | Koha item type | Public note |
|---|---|---|---|---|---|---|---|---|---|---|---|---|---|---|
| Military College of Signals (MCS) | Military College of Signals (MCS) | Reference | 12/12/2016 | 621.381,WAR | MCS26792 | 12/08/2016 | 12/12/2016 | Reference | Almirah No.21, Shelf No.2 |
